000 00734nam a22002177a 4500
003 UA-OsUOA
001 105550
007 ta
008 20140312b un ||||| |||| 00| 0 ukr d
100 _aСтасюк Н.
090 _a82
_bС77
942 _cSA
040 _aUA-OsUOA
_bukr
_cUA-OsUOA
_dUA-OsUOA
245 _aЗастосування інтерактивних технологій на уроках української літератури
300 _a.26-28 с.
955 _a0
041 _aukr
080 _a82
773 0 _w105548
_tУкраїнська література в загальноосвітній школі
_dК.
_d2014
_g2
650 7 _a82 Література. Літературознавство
_2UDC
999 _c391860
_d391860